|
|
|
|
| LEADER |
01091nom a2200301 u 4500 |
| 001 |
10074205 |
| 003 |
upatras |
| 005 |
20210117201822.0 |
| 008 |
090513s2006 eng |
| 020 |
|
|
|a 9783540320234
|
| 040 |
|
|
|a GR-PaULI
|c GR-PaULI
|
| 041 |
0 |
|
|a eng
|
| 100 |
1 |
|
|a Ausloos, Marcel
|9 73774
|
| 245 |
1 |
0 |
|a The Logistic Map and the Route to Chaos
|h [electronic resource]
|b From The Beginnings to Modern Applications
|c edited by Marcel Ausloos, Michel Dirickx
|
| 260 |
|
|
|a Berlin, Heidelberg
|b Springer-Verlag Berlin Heidelberg
|c 2006
|
| 300 |
|
|
|b v.: digital
|
| 490 |
0 |
|
|a Understanding Complex Systems
|x 1860-0840
|
| 650 |
|
4 |
|a Physics
|9 20895
|
| 650 |
|
4 |
|a Mathematics
|9 10598
|
| 650 |
|
4 |
|a Physics
|9 20895
|
| 650 |
|
4 |
|a Applications of Mathematics
|9 64289
|
| 700 |
1 |
|
|a Dirickx, Michel
|9 73775
|
| 760 |
1 |
|
|a Understanding Complex Systems
|x 1860-0840
|
| 852 |
|
|
|a GR-PaULI
|b ΠΑΤΡΑ
|b ΒΚΠ
|
| 856 |
4 |
0 |
|u http://dx.doi.org/10.1007/3-540-32023-7
|
| 942 |
|
|
|2 ddc
|
| 952 |
|
|
|0 0
|1 0
|4 0
|7 0
|9 75661
|a LISP
|b LISP
|d 2016-04-24
|l 0
|r 2016-04-24 00:00:00
|w 2016-04-24
|y ERS
|
| 999 |
|
|
|c 50450
|d 50450
|